000 00841cam a2200265 i 4500
001 26854
003 BD-RjUL
005 20211209051057.0
008 140323r19791976ne a b 001 0 eng d
020 _a705404838
035 _a(BD-RjUL)26925
040 _aDLC
_cDLC
_dDLC
_dBD-RjUL
_beng
041 _aeng
082 0 0 _a945.632
_bCHR 1979
100 1 _aChamberlin, E. R.
_q(Eric Russell),
_d1926-2006.
_982534
245 1 0 _aRome /
_cby E. R. Chamberlin and the editors of ; photoTime-Life Books s. by Dan Budnik.
260 _aAmsterdam :
_bTime-Life Books,
_cc1976. [Reprinted 1979]
300 _a200 p. :
_bill. ;
_c31 cm.
490 0 _aThe Great cities
504 _aBibliography: p. 198. and Index
651 0 _aRome (Italy)
_xDescription and travel.
_982535
942 _2ddc
_cBK
999 _c26854
_d26854